000 00892cab a2200301 4500
001 WB2745-38
008 090401t1991 xxu||||| |||| 00| 0 eng d
035 _a(Sirsi) u44932
041 _aeng
245 _aStrategy for farming
260 _c1991
350 _a0
490 _aMAFF News Release
_v(399) 15 November 1991
490 _aDaily Telegraph
_v16 November 1991, 4
490 _aTimes
_v16 November 1991, 5(5)
520 _aThe Government has published a policy document, "Our farming future", which addresses the issues of food marketing, environmental measures and organic farming, GATT and CAP.
650 _aCAP
650 _aEnvironment
_96238
650 _aESAS
650 _aFARMING
650 _aGATT
650 _aMARKET TASK FORCE
650 _aMARKETING
650 _aORGANIC FARMING
690 _aRURAL PRACTICE
942 _n0
948 _c04/03/1997
999 _c28558
_d28558